Innovation management strategies, implementation, and profits

Gespeichert in:
Bibliographische Detailangaben
1. Verfasser: Afuah, Allan
Format: Buch
Sprache:Englisch
Veröffentlicht: New York Oxford University Press 2003
Ausgabe:2nd ed.
Schlagworte:
Tags: Tag hinzufügen
Keine Tags, Fügen Sie das erste Tag hinzu!

MARC

LEADER 00000nam$a2200000$$$4500
001 0002637
005 20240306135233.3
020 |a 0-19-514230-6 
020 |a 978-0-19-514230-3 
041 0 |a eng 
044 |a US 
245 1 0 |a Innovation management  |b strategies, implementation, and profits  |c Allan Afuah 
250 |a 2nd ed. 
264 1 |a New York  |b Oxford University Press  |c 2003 
300 |a 390 s. 
610 2 0 |a inovácia 
610 2 0 |a manažment 
610 2 0 |a modely 
610 2 0 |a zisk 
610 2 0 |a podnikanie 
610 2 0 |a stratégia inovačná 
610 2 0 |a stratégia podniková 
610 2 0 |a financovanie 
610 2 0 |a globalizácia 
610 2 0 |a politika hospodárska 
610 2 0 |a internet 
610 2 0 |a pokrok technologický 
610 2 0 |a štruktúra organizačná 
610 2 0 |a modely dynamické 
100 1 |a Afuah, Allan